The noble scholar, jurist, historian


 His Excellency Dr. Abdul Wahhab bin Ibrahim Abu Sulaiman, may Allah have mercy on him.


 He was born in Umm Al-Qura in the year 1356 AH.

رسالة الغريب إلى الحبيب / (Record no. 12382)

MARC details
000 -LEADER
fixed length control field 01415cam a2200361 i 4500
003 - CONTROL NUMBER IDENTIFIER
control field SA-RiAUC
005 - DATE AND TIME OF LATEST TRANSACTION
control field 20251005120832.0
008 - FIXED-LENGTH DATA ELEMENTS--GENERAL INFORMATION
fixed length control field 251005s1993 le g b 000 i ara c
040 ## - CATALOGING SOURCE
Original cataloging agency SA-RiAUC
Language of cataloging ara
Transcribing agency SA-RiAUC
Description conventions rda
082 04 - DEWEY DECIMAL CLASSIFICATION NUMBER
Classification number 816
Assigning agency SA-RiAUC
090 ## - LOCALLY ASSIGNED LC-TYPE CALL NUMBER (OCLC); LOCAL CALL NUMBER (RLIN)
Classification number (OCLC) (R) ; Classification number, CALL (RLIN) (NR) 816
Local cutter number (OCLC) ; Book number/undivided call number, CALL (RLIN) ب ج ا
100 1# - MAIN ENTRY--PERSONAL NAME
Personal name البجائي، أحمد،
Dates associated with a name توفي 865 هجري
Relator term مؤلف.
245 10 - TITLE STATEMENT
Title رسالة الغريب إلى الحبيب /
Statement of responsibility, etc. تأليف أحمد أبو عصيدة البجائي ؛ تعريف وتعليق وتلخيص أبو القاسم سعد الله.
250 ## - EDITION STATEMENT
Edition statement الطبعة الأولى.
264 #1 - PRODUCTION, PUBLICATION, DISTRIBUTION, MANUFACTURE, AND COPYRIGHT NOTICE
Place of production, publication, distribution, manufacture بيروت :
Name of producer, publisher, distributor, manufacturer دار الغرب الإسلامي،
Date of production, publication, distribution, manufacture, or copyright notice 1993
300 ## - PHYSICAL DESCRIPTION
Extent 108 صفحة ؛
Dimensions 22 سم
336 ## - CONTENT TYPE
Content type term نص
Content type code txt
Source rdacontent
Materials specified كتاب
337 ## - MEDIA TYPE
Media type term بدون وسيط
Media type code n
Source rdamedia
338 ## - CARRIER TYPE
Carrier type term مجلد
Carrier type code nc
Source rdacarrier
504 ## - BIBLIOGRAPHY, ETC. NOTE
Bibliography, etc. note ببليوجرافية : صفحة 99-108.
650 #7 - SUBJECT ADDED ENTRY--TOPICAL TERM
Topical term or geographic name entry element الرسائل العربية
Chronological subdivision العصر المملوكي
Source of heading or term aucsh
653 ## - INDEX TERM--UNCONTROLLED
Uncontrolled term الأدب الجزائري.
653 ## - INDEX TERM--UNCONTROLLED
Uncontrolled term LITTERATURE ALGERIENNE.
653 ## - INDEX TERM--UNCONTROLLED
Uncontrolled term التراسل.
653 ## - INDEX TERM--UNCONTROLLED
Uncontrolled term LITTERATURE EPISTOLAIRE.
653 ## - INDEX TERM--UNCONTROLLED
Uncontrolled term البيوغرافيات.
653 ## - INDEX TERM--UNCONTROLLED
Uncontrolled term BIOGRAPHIE.
653 ## - INDEX TERM--UNCONTROLLED
Uncontrolled term الجزائر.
653 ## - INDEX TERM--UNCONTROLLED
Uncontrolled term ALGERIE.
700 1# - ADDED ENTRY--PERSONAL NAME
Personal name سعد الله، أبو القاسم،
Dates associated with a name 1930-2013
Relator term معلق.
942 ## - ADDED ENTRY ELEMENTS (KOHA)
Source of classification or shelving scheme Dewey Decimal Classification
Koha item type Books
Suppress in OPAC No
949 ## - LOCAL PROCESSING INFORMATION (OCLC)
a SA-JeALM
d 251005
u mohamedma123
n 1
Holdings
Withdrawn status Lost status Source of classification or shelving scheme Damaged status Not for loan Home library Current library Date acquired Total checkouts Full call number Barcode Date last seen Price effective from Koha item type
    Dewey Decimal Classification     DR AbdElwahab Library DR AbdElwahab Library 10/05/2025   816 ب ج ا 000019920 10/05/2025 10/05/2025 Books